| Tag |
First Indicator |
Second Indicator |
Subfields |
| LEADER |
00000cas a22000007a 4500 |
| 001 |
in00001999262 |
| 005 |
20151031114859.0 |
| 006 |
m d |
| 007 |
cr cnu-------- |
| 008 |
000210c19809999ctubr pss 0 0eng d |
| 010 |
|
|
|a 2004212309
|
| 022 |
0 |
|
|a 1548-0569
|y 0272-8397
|
| 035 |
|
|
|a (OCoLC)ocm43437991
|
| 037 |
|
|
|b John Wiley & Sons, 111 River Street, Hoboken, NJ 07030-5774
|
| 040 |
|
|
|a MUS
|c MUS
|d OCLCQ
|d NSD
|d OCLCQ
|d UtOrBLW
|
| 042 |
|
|
|a msc
|
| 049 |
|
|
|a TXAM
|
| 050 |
0 |
0 |
|a TA418.9.C6
|b P64 Electronic
|
| 130 |
0 |
|
|a Polymer composites (Online)
|
| 245 |
1 |
0 |
|a Polymer composites.
|
| 264 |
|
1 |
|a Brookfield, CT :
|b Society of Plastics Engineers.
|
| 310 |
|
|
|a Bimonthly,
|b <1992->
|
| 321 |
|
|
|a Quarterly,
|b Sept. 1980-<1991>
|
| 336 |
|
|
|a text
|b txt
|2 rdacontent
|
| 337 |
|
|
|a computer
|b c
|2 rdamedia
|
| 338 |
|
|
|a online resource
|b cr
|2 rdacarrier
|
| 362 |
1 |
|
|a Print began in Sept. 1980.
|
| 500 |
|
|
|a Title from title screen.
|
| 530 |
|
|
|a Also issued in print.
|
| 538 |
|
|
|a Mode of access: World Wide Web.
|
| 500 |
|
|
|a Electronic resource.
|
| 650 |
|
0 |
|a Polymeric composites
|v Periodicals.
|
| 710 |
2 |
|
|a Society of Plastics Engineers.
|
| 776 |
1 |
|
|t Polymer composites
|x 0272-8397
|w (DLC) 80648368
|w (OCoLC)6932010
|
| 936 |
|
|
|a PREPUB: Wiley taking over online & print formats: publication expected: Mar. 2004 [NSD]
|
| 994 |
|
|
|a E0
|b TXA
|
| 999 |
|
|
|a MARS
|
| 999 |
f |
f |
|s 00b49efd-f95c-3b9f-8fcf-c63e710c5a0a
|i ecd0c2fc-b2b0-3e3f-9654-39f2cbec8282
|t 0
|
| 952 |
f |
f |
|a Texas A&M University
|b College Station
|c Electronic Resources
|d Available Online
|t 0
|e TA418.9.C6 P64
|g Electronic
|h Library of Congress classification
|
| 998 |
f |
f |
|a TA418.9.C6 P64
|t 0
|l Available Online
|